|
|
|
|
| LEADER |
00000nas a2200000 a 4500 |
| 001 |
ssj0017667 |
| 003 |
WaSeSS |
| 005 |
20200512172242.0 |
| 006 |
m d |
| 007 |
cr n |
| 008 |
990730c19749999gw br pss 0 0eng c |
| 010 |
|
|
|a 00227312
|
| 016 |
7 |
|
|a P54780000
|2 DNLM
|
| 016 |
7 |
|
|a 013100915
|2 Uk
|
| 022 |
|
|
|a 1430-2772
|l 0340-0727
|y 0340-0727
|
| 035 |
|
|
|a (WaSeSS)ssj0017667
|
| 040 |
|
|
|a IRU
|b eng
|c IRU
|d EYM
|d OCLCQ
|d MUQ
|d OCL
|d OCLCQ
|d UKMGB
|d OCLCQ
|d OCLCO
|d OCLCQ
|d OCLCF
|d OCLCO
|d VT2
|d OCLCQ
|d WT2
|d OCLCQ
|d WYU
|d AUD
|d CGU
|d DLC
|d U3W
|d SFB
|d CNMTR
|d OCLCQ
|d WaSeSS
|
| 042 |
|
|
|a pcc
|
| 050 |
0 |
0 |
|a BF3
|
| 060 |
0 |
0 |
|a W1
|b PS635J
|
| 082 |
0 |
4 |
|a 150
|
| 130 |
0 |
|
|a Psychological research (Online)
|
| 245 |
1 |
0 |
|a Psychological research
|h [electronic resource].
|
| 246 |
1 |
|
|a Psychological research, an international journal of perception, attention, memory, and action
|
| 260 |
|
|
|a Berlin :
|b Springer-Verlag
|
| 310 |
|
|
|a 6 issues per year,
|b <2005->
|
| 321 |
|
|
|a 4 issues yearly
|
| 362 |
1 |
|
|a Print began with v. 37 (1974).
|
| 506 |
|
|
|a License restrictions may limit access.
|
| 538 |
|
|
|a Mode of access: World Wide Web.
|
| 588 |
0 |
|
|a Vol. 61, issue 1 (1996); title from title screen (viewed Oct. 17, 2000).
|
| 588 |
1 |
|
|a Vol. 82, no. 6 (Nov. 2018) (Springer Link, viewed Jan. 31, 2019).
|
| 650 |
|
0 |
|a Psychology
|v Periodicals.
|
| 650 |
|
6 |
|a Psychologie
|v Périodiques.
|
| 650 |
|
7 |
|a Psychology.
|2 fast
|0 (OCoLC)fst01081447
|
| 655 |
|
0 |
|a Electronic journals.
|
| 776 |
0 |
8 |
|i Print version:
|t Psychological research
|x 0340-0727
|w (DLC) 74648682
|w (OCoLC)1069731
|
| 780 |
0 |
0 |
|t Psychologische Forschung
|w (OCoLC)565981026
|
| 850 |
|
|
|a DLC
|
| 856 |
4 |
0 |
|z Full text available from Research Library: 06/01/1997 to 1 year ago
|u https://search.proquest.com/publication/49159
|